000 00435nam a2200181Ia 4500
005 20240823041939.0
008 240823s9999||||xx |||||||||||||| ||und||
041 _aENGLISH
082 _A604.2 M8
100 _aBhatt N D
245 0 _aElementary Engineering Drawing
250 _a28th
260 _c1988
_b"Charotar,Gujrat"
500 _aTRANSFERED
650 _aMechanical Drawing
_bMechanical
942 _cBK
999 _c206713
_d206713